000 00992nam a2200277Ia 4500
005 20220316235449.0
008 121119s1999 ck a gr 000 0 spa
020 _a9589657745
041 0 _aspa
082 0 4 _a926.24
_bC37M
100 1 _aMayor Mora, Alberto
_d1945-
245 1 0 _aFrancisco Javier Cisneros y el inicio a las comunicaciones modernas en Colombia
_cAlberto Mayor Mora
250 _aPrimera edición
300 _a86 páginas
_bilustraciones
_c28 cm
504 _aIncluye bibliografía
600 1 4 _aCisneros, Francisco Javier
_d1838-1898
_vBiografías
_937737
650 1 4 _aFerrocarriles
_xHistoria
_zColombia
_2LEMB
650 1 4 _aIngenieros cubanos
_vBiografías
_2LEMB
650 1 4 _aTransporte colombiano
_xHistoria
_2LEMB
942 _2ddc
_cBK
264 _aBogotá
_bEl Áncora
_bBanco de la República
_c1999
336 _atexto
_btxt
_2rdacontent
337 _asin mediación
_bn
_2rdamedia
338 _avolumen
_bnc
_2rdacarrier
040 _aCO-BoRNBP
_bspa
_erda
_cCO-BoRNBP
999 _c1036
_d1036